EXTRAORDINAR BOARD LEADERSHIP / (Record no. 616679)
[ view plain ]
| 000 -LEADER | |
|---|---|
| fixed length control field | 00368nam a22001457a 4500 |
| 020 ## - INTERNATIONAL STANDARD BOOK NUMBER | |
| Qualifying information | PB. |
| 040 ## - CATALOGING SOURCE | |
| Transcribing agency | FIZZA ISHAQ |
| 082 ## - DEWEY DECIMAL CLASSIFICATION NUMBER | |
| Classification number | 658.422 |
| Author Mark | DOU |
| 100 ## - MAIN ENTRY--PERSONAL NAME | |
| Personal name | EADIE,DOUG. |
| 9 (RLIN) | 133715 |
| 245 ## - TITLE STATEMENT | |
| Title | EXTRAORDINAR BOARD LEADERSHIP / |
| Statement of responsibility, etc. | DOUG EADIE. |
| 250 ## - EDITION STATEMENT | |
| Edition statement | 2ND ED. |
| 260 ## - PUBLICATION, DISTRIBUTION, ETC. | |
| Place of publication, distribution, etc. | LONDON ; |
| Name of publisher, distributor, etc. | JONES AND BARTLETT, |
| Date of publication, distribution, etc. | 2009. |
| 300 ## - PHYSICAL DESCRIPTION | |
| Extent | 190 P. ; |
| Dimensions | 8.9X5.9IN |
| 942 ## - ADDED ENTRY ELEMENTS (KOHA) | |
| Source of classification or shelving scheme | |
| Koha item type | Book |
| Withdrawn status | Lost status | Source of classification or shelving scheme | Damaged status | Not for loan | Permanent Location | Current Location | Shelving location | Date acquired | Total Checkouts | Full call number | Barcode | Date last seen | Price effective from | Koha item type |
|---|---|---|---|---|---|---|---|---|---|---|---|---|---|---|
| NUST Baluchistan Campus (NBC) | NUST Baluchistan Campus (NBC) | General Stacks | 03/13/2026 | 658.422 GOU | QD-627 | 03/13/2026 | 03/13/2026 | Book |
